Asian management systems : Chinese, Japanese and Korean styles of business
This volume looks at four main management systems in the East Asian region: Japanese, mainland Chinese, overseas Chinese and Korean. Through a comparative analysis of organizational structures, competitive strategies and cultural influences the workings of each system is made clear. Practical guidel...
সংরক্ষণ করুন:
| প্রধান লেখক: | |
|---|---|
| বিন্যাস: | গ্রন্থ |
| ভাষা: | Undetermined |
| প্রকাশিত: |
London
Routledge
1995
|
| বিষয়গুলি: | |
| ট্যাগগুলো: |
ট্যাগ যুক্ত করুন
কোনো ট্যাগ নেই, প্রথমজন হিসাবে ট্যাগ করুন!
|
| Thư viện lưu trữ: | Trung tâm Học liệu Trường Đại học Cần Thơ |
|---|
| LEADER | 00985nam a2200217Ia 4500 | ||
|---|---|---|---|
| 001 | CTU_222229 | ||
| 008 | 210402s9999 xx 000 0 und d | ||
| 020 | |c 9.99 | ||
| 082 | |a 658.0095 | ||
| 082 | |b C518 | ||
| 100 | |a Chen, Min | ||
| 245 | 0 | |a Asian management systems : | |
| 245 | 0 | |b Chinese, Japanese and Korean styles of business | |
| 245 | 0 | |c Min Chen | |
| 260 | |a London | ||
| 260 | |b Routledge | ||
| 260 | |c 1995 | ||
| 520 | |a This volume looks at four main management systems in the East Asian region: Japanese, mainland Chinese, overseas Chinese and Korean. Through a comparative analysis of organizational structures, competitive strategies and cultural influences the workings of each system is made clear. Practical guidelines make this book a vital guide for international executives and students alike. | ||
| 650 | |a Quản lý so sánh,Comparative management | ||
| 904 | |i Nguyễn An Khang,Hải | ||
| 980 | |a Trung tâm Học liệu Trường Đại học Cần Thơ | ||